[Event "FRA"]
[Site "France"]
[Date "1993.??.??"]
[Round "?"]
[White "Lautier, Joel"]
[Black "Gurevich, Mikhail"]
[Result "1-0"]
[WhiteElo "2645"]
[BlackElo "2610"]
[Annotator "Lautier,J"]
[PlyCount "111"]
[EventDate "1993.??.??"]
[EventType "team"]
[EventRounds "11"]
[EventCountry "FRA"]
[SourceTitle "CBM 037"]
[Source "ChessBase"]
[SourceDate "1993.12.01"]
[SourceVersion "1"]
[SourceVersionDate "1993.12.01"]
[SourceQuality "1"]

1. c4 f5 2. g3 Nf6 3. Bg2 e5 4. Nc3 d6 (4... Nc6 5. Nf3 {/\ d4} e4 6. Ng5 $14 {
/\ d3}) 5. d4 c6 (5... exd4 6. Qxd4 Nc6 7. Qd2 g6 8. b3 Bg7 9. Bb2 O-O 10. Nh3
$14) 6. Nf3 e4 7. Ng5 d5 $6 (7... Be7 $142 $14) 8. cxd5 cxd5 9. Nh3 $1 {
/\ Bg5, Nf4, >< d5} Nc6 (9... h6 10. Nf4 Bb4 11. Ng6 Rg8 12. O-O $16 {/\ f3})
10. Bg5 Bb4 $8 (10... Be6 11. Nf4 Bf7 12. Bxf6 gxf6 13. e3 $16) 11. Nf4 O-O 12.
O-O Bxc3 13. bxc3 h6 (13... Na5 $6 14. Nh5 $16) 14. Bxf6 Rxf6 15. f3 g5 $6 (
15... Na5 16. fxe4 fxe4 17. e3 $16) 16. Nh5 Rf7 17. fxe4 fxe4 (17... dxe4 18.
e3 $16 {/\ c4, /\ g4}) 18. Rxf7 Kxf7 19. e3 Na5 (19... Be6 20. Qe2 Qe7 21. Rf1+
Kg8 22. c4 $16) 20. Qe2 Be6 21. Rf1+ Ke7 22. Ng7 $1 (22. Rf6 Qc7 23. Rxh6 Qxc3
$16) 22... Qg8 (22... Qd6 23. Qh5 $18) 23. Nxe6 Qxe6 24. Qb5 b6 25. Bh3 $3 $18
Qd6 (25... Qxh3 26. Qxd5 $18) (25... g4 26. Bxg4 $1 Qxg4 27. Qxd5 Rg8 (27...
Rb8 28. Qe5+ $18) (27... Rd8 28. Qf7+ Kd6 29. Rf6+ $18) (27... Rf8 28. Qe5+ $18
) (27... Rc8 28. Rf4 $1 (28. Qe5+ $2 Kd7 29. Rf7+ Kc6) 28... Qg6 (28... Qd1+
29. Kg2 Qe2+ 30. Kh3 $18) 29. Qe5+ (29. Rxe4+ $2 Kf8 $13) 29... Kd7 (29... Qe6
30. Qg7+ Kd6 31. Rf6 $18) 30. Rf6 $18) 28. Rf4 $1 (28. Qe5+ $2 Qe6 29. Qc7+ Ke8
) 28... Qg6 (28... Qd1+ 29. Kg2 Qe2+ 30. Kh3 $18) 29. Rxe4+ Kf8 30. Qe5 $1 {
/\ Qe7#, /\ Rf4} Rg7 31. Qb8+ Kf7 32. Qe8+ Kf6 33. Qe6+ Kg5 34. Re5+ $18) 26.
Rf5 Rd8 27. Qf1 $1 {/\ Re5, Rf7} Qg6 28. Re5+ Kd6 29. Qb5 $6 (29. Re6+ Qxe6 30.
Bxe6 Kxe6 31. Qh3+ $18) 29... Qg8 (29... Qf7 $2 30. Qb4+ Kc7 31. Re7+ $18) 30.
Qb4+ Kc7 31. Be6 Nc6 $1 32. Bxg8 Nxb4 33. cxb4 Rxg8 34. Rxd5 Rc8 $6 $138 (34...
Rf8 $142 35. Re5 Kd6 36. Rxe4 Rc8 37. h4 Rc2 38. hxg5 hxg5 39. g4 Rxa2 40. b5
$1 (40. Re5 a5 41. bxa5 Rxa5 $1) 40... a5 41. bxa6 Rxa6 42. Kf2 $18) 35. b5 $1
Rf8 36. Re5 Kd6 37. Rxe4 Rc8 38. h4 $1 Rc2 39. hxg5 hxg5 40. a4 Ra2 41. g4 Rxa4
42. Kf2 a6 43. bxa6 Rxa6 44. Re5 Ra8 (44... Ra5 45. Rxa5 bxa5 46. Ke2 $18) 45.
Rxg5 Rb8 46. Rb5 Kc6 47. Rb4 b5 48. e4 Kb6 49. e5 Ka5 50. Rb1 b4 51. Ke3 b3 52.
d5 Kb4 53. Kd4 Rg8 54. d6 Rxg4+ 55. Kd5 Kc3 56. e6 1-0

[Event "Hoogovens op"]
[Site "Wijk aan Zee"]
[Date "1993.01.??"]
[Round "8"]
[White "Schwartzman, Gabriel"]
[Black "Leko, Peter"]
[Result "1/2-1/2"]
[WhiteElo "2455"]
[BlackElo "2465"]
[Annotator "Leko,P"]
[PlyCount "90"]
[EventDate "1993.01.??"]
[EventType "swiss"]
[EventRounds "12"]
[EventCountry "NED"]
[SourceTitle "CBM 034"]
[Source "ChessBase"]
[SourceDate "1993.06.01"]
[SourceVersion "1"]
[SourceVersionDate "1993.06.01"]
[SourceQuality "1"]

1. c4 e5 2. Nc3 Bb4 3. g3 (3. Nd5 Bc5 4. e3 Nf6 5. d4 $5 $146 Nxd5 6. cxd5 exd4
7. exd4 Bb4+ 8. Bd2 Qe7+ 9. Ne2 O-O 10. Bxb4 Qxb4+ 11. Qd2 Qe7 12. O-O-O c5 $2
(12... d6 $10) 13. Qf4 Na6 14. d6 $1 Qd8 15. Nc3 cxd4 16. Qxd4 Qa5 17. Bd3 Nc5
18. Bxh7+ $1 Kxh7 19. Qh4+ Kg8 20. Nd5 g6 21. Qh6 Nb3+ 22. Kb1 {
Kortschnoi-Sokolov,I/Wijk/1993/1-0/22/}) 3... Bxc3 4. bxc3 d6 5. Bg2 f5 6. d4
$5 Nc6 $6 (6... Nf6 $1) 7. c5 $6 (7. Bxc6+ $1 bxc6 8. dxe5 dxe5 9. Qxd8+ Kxd8
10. Nf3 {+/= / +/-}) 7... e4 8. cxd6 cxd6 9. Nh3 Nf6 10. Bg5 O-O 11. O-O Na5 $5
$146 (11... h6 12. Bxf6 Rxf6 13. f3 d5 14. Nf4 g5 15. Nxd5 $1 Qxd5 16. fxe4 Qd6
17. e5 Nxe5 18. dxe5 $14 {>< Bc8, >< Ra8}) 12. Nf4 h6 $6 (12... Qe8 $1 13. Bxf6
Rxf6 14. f3 b6 $10) 13. Bxf6 Rxf6 14. Nd5 $1 Rf7 15. f3 exf3 16. exf3 $1 (16.
Bxf3 Be6 17. Nf4 Bc4 $13) 16... b6 17. f4 Bb7 18. Re1 Qd7 19. Qh5 $1 $16 {
/\ Qg6} Kh7 20. Re2 Raf8 $6 (20... Re8 21. Rae1 Rxe2 22. Qxe2 $1 $16) 21. Rae1
Qb5 22. Ne7 $1 (22. Ne3 $2 Bxg2 23. Nxg2 Nc4 $10) 22... Bxg2 23. Kxg2 (23. Re6
{/\ Be4 24.Rh6! gxh6 25.Qg6 Kh8 26.Qh6 Kg8 27.Qf8#} Rf6 $1 $14) 23... Rf6 24.
Qf3 $1 Nc4 25. Kg1 $1 {>< /^ h1-a8} (25. g4 fxg4 26. Qd3+ g6 27. Nxg6 Qd5+ 28.
Kg1 Rxg6 29. Re7+ Rf7 $19) 25... a5 26. g4 $2 (26. a4 $3 Qd7 (26... Qxa4 27. g4
$1 fxg4 28. Qd3+ Kh8 29. Ng6+ $18) 27. g4 d5 (27... fxg4 $2 28. Qd3+ $18) 28.
Nxf5 Rxf5 29. gxf5 Qxf5 30. Rg2 $18) 26... fxg4 27. Qd3+ Kh8 (27... g6 28. Nxg6
$18) 28. Ng6+ Rxg6 29. Qxg6 Qf5 $1 30. Qxf5 Rxf5 31. Rf2 h5 $1 {+/= / =} 32.
Kg2 d5 $1 (32... h4 $2 33. Kh1 $1 {/\ Rg1 +-}) 33. Re6 h4 34. Rfe2 (34. Rg6 $1
Kh7 35. Rxg4 Ne3+ 36. Kf3 Nxg4 37. Kxg4 Rf6 38. Kxh4 Rc6 39. Rc2 Kg6 $1 {
+/= / =}) 34... Kh7 (34... Rxf4 $2 35. Rf2 $16) 35. Re7 Kh6 36. Re8 Kh7 37. Rd8
Rxf4 38. Rxd5 Rf3 $1 39. Rh5+ Kg6 40. Rxh4 Ne3+ 41. Rxe3 Rxe3 42. Rxg4+ Kf5 $1
43. Rxg7 Rxc3 44. h4 Rc2+ 45. Kf3 Rc3+ $1 (45... Rxa2 46. Rg5+ Kf6 47. Rb5)
1/2-1/2

[Event "Tata Steel-B 74th"]
[Site "Wijk aan Zee"]
[Date "2012.01.27"]
[Round "11"]
[White "L'Ami, Erwin"]
[Black "Motylev, Alexander"]
[Result "1/2-1/2"]
[WhiteElo "2596"]
[BlackElo "2677"]
[Annotator "Let's Check"]
[PlyCount "64"]
[EventDate "2012.01.14"]
[EventType "tourn"]
[EventRounds "13"]
[EventCountry "NED"]
[EventCategory "15"]
[SourceTitle "CBM 147"]
[Source "ChessBase"]
[SourceDate "2012.03.16"]
[SourceVersion "1"]
[SourceVersionDate "2012.03.16"]
[SourceQuality "1"]

1. d4 d6 2. c4 e5 3. Nf3 e4 4. Ng5 f5 5. Nc3 Be7 6. Nh3 Nf6 7. Bg5 O-O 8. e3
Ng4 9. Bxe7 Qxe7 10. Qd2 c6 11. O-O-O Na6 12. Kb1 Nc7 13. Be2 Rb8 14. Rhe1 b5
15. f3 Nf6 16. Rc1 Kh8 17. Nf4 bxc4 18. Bxc4 Rb4 19. Bf1 a5 20. Rc2 Bd7 21. Ka1
Rfb8 22. h3 g5 23. Nfe2 Be6 24. fxe4 fxe4 25. g4 Bg8 26. Ng3 Qe6 27. Rec1 Nb5
28. Bxb5 R4xb5 $6 (28... cxb5 29. Qf2 Rc4 $16) 29. d5 $18 cxd5 30. Nf5 $2 (30.
Nxb5 d4 31. Nc3 $1 $18) 30... Rc5 $11 31. Nd4 Qe8 32. Qh2 Qe5 1/2-1/2

[Event "CRO-ch 12th"]
[Site "Opatija"]
[Date "2012.01.24"]
[Round "8"]
[White "Stevic, Hrvoje"]
[Black "Sulava, Nenad"]
[Result "1/2-1/2"]
[WhiteElo "2624"]
[BlackElo "2514"]
[Annotator "Let's Check"]
[PlyCount "77"]
[EventDate "2012.01.17"]
[EventType "tourn"]
[EventRounds "11"]
[EventCountry "CRO"]
[EventCategory "13"]
[SourceTitle "CBM 147"]
[Source "ChessBase"]
[SourceDate "2012.03.16"]
[SourceVersion "1"]
[SourceVersionDate "2012.03.16"]
[SourceQuality "1"]

1. c4 f5 2. Nc3 Nf6 3. g3 e5 4. Bg2 Bb4 5. Qb3 a5 6. a3 Bc5 7. Qb5 Na6 8. Qxa5
O-O 9. Na4 b6 10. Qc3 Bxf2+ 11. Kxf2 Ne4+ 12. Bxe4 fxe4+ 13. Ke1 d6 14. g4 Bxg4
15. Qg3 Be6 16. b3 Rf4 17. Bb2 Rg4 18. Qe3 Qh4+ 19. Kd1 Rf4 20. Kc2 Raf8 21.
Qg3 Qh5 22. h4 Rg4 23. Qe3 Nb8 24. Nh3 Rxh4 25. Nf2 $2 (25. Ng5 Bf5 26. Rxh4
$16) 25... Rxf2 $1 $19 26. Rxh4 Qxh4 27. Nc3 Rf7 28. Rg1 Nd7 29. Kc1 Nc5 30.
Nb5 Qf2 31. Qxf2 Rxf2 32. Nxc7 Nxb3+ 33. Kd1 Bxc4 34. Ne8 Rxe2 35. Bc3 Rf2 36.
Ke1 Re2+ 37. Kd1 Rf2 38. Ke1 Re2+ 39. Kd1 1/2-1/2

[Event "EU-ch 12th"]
[Site "Aix les Bains"]
[Date "2011.03.23"]
[Round "2"]
[White "Andriasian, Zaven"]
[Black "Godena, Michele"]
[Result "1/2-1/2"]
[WhiteElo "2645"]
[BlackElo "2526"]
[Annotator "Marchand,A/Primel,D"]
[PlyCount "55"]
[EventDate "2011.03.22"]
[EventType "swiss"]
[EventRounds "11"]
[EventCountry "FRA"]
[SourceTitle "CBM 142 Extra"]
[Source "ChessBase"]
[SourceDate "2011.06.27"]
[SourceVersion "1"]
[SourceVersionDate "2011.06.27"]
[SourceQuality "1"]
[TimeControl "40/5400+30:1800+30"]

1. c4 e5 2. Nc3 (2. g3 Nf6 3. Bg2 h6 $5 {Georgiev,K (2666)-Godena,M (2526)
EU-ch 12th Aix-Les-Bains 2011 (4) 1/2}) 2... Bb4 {L'italien est un bon
spécialiste de cette variante} (2... f5 3. Nf3 Nf6 4. e3 Nc6 5. d4 e4 6. Nd2
Bb4 7. Qb3 a5 8. Be2 d6 9. O-O O-O 10. a3 Bxc3 11. Qxc3 a4) 3. g3 (3. Nd5 {
La ligne critique} Be7 (3... a5 4. Nf3 Nc6 5. a3 Bc5 (5... Be7 6. d4 d6 7. e3
f5 8. b3 Nf6 $11 {Christiansen,L (2620)-Mainka,R (2515) ZSG/Computerij op 1993
(4) 0-1}) 6. e3 Nf6 7. d4 $14) (3... Bc5 4. e3 c6 5. Nc3 Qe7 {[%cal Ge7e1]} 6.
Be2 d6 7. d4 $14) 4. d4 d6 5. e4 Nf6 6. Nxe7 Qxe7 7. f3 exd4 (7... O-O 8. Ne2
exd4 9. Qxd4 Nc6 10. Qc3 Nh5 11. g4 $13 {Lalic,B (2530)-Shirov,A (2740) Moscow
ol (Men) 1994 (3) 1/2}) (7... Nh5 {[%csl Re1,Rh1][%cal Ge7h4,Gh5g3]} 8. Be3 {
[%cal Ge3f2]} exd4 (8... O-O 9. d5) (8... f5 $5 9. exf5 exd4 {[%cal Ge7e1]} (
9... Nf6 {Aronian,L (2739)-Shirov,A (2755) Morelia/Linares 25th 2008 (5) 1/2})
(9... O-O 10. g4 exd4 (10... Re8 11. d5) 11. Qxd4 Nc6 $32) 10. Qxd4 Nc6 11. Qd2
O-O 12. g4 Re8 13. Kf2 Nf6 14. Nh3 Ne5 {[%cal Gf6g4,Ge5g4]} 15. Rg1 (15. Be2
Nexg4+ 16. fxg4 Ne4+) 15... Nxf3 16. Kxf3 Qe4+ 17. Ke2 Nxg4 $40) 9. Qxd4 Nc6
10. Qc3 O-O $32 {[%csl Re1]} 11. Ne2 f5 $1 12. exf5 Re8 $36 {[%csl Re1]}) 8.
Qxd4 Nc6 9. Qc3 O-O $32 {[%csl Re1]} 10. Ne2 Re8 {Istratescu,A (2615)
-Belkhodja,S (2497) Nantes op 1st 2002 (7) 1-0}) (3. e3 Bxc3) (3. Qc2 Nf6 (3...
Nc6) 4. e3 O-O (4... Nc6 5. Nge2) 5. Nge2 c6 6. a3) 3... Bxc3 $1 {Le thème de
la variante} 4. bxc3 {[%cal Ga1b1,Gb1b7]} (4. dxc3 d6 5. Bg2 Nc6 6. Nf3 Nge7 7.
O-O O-O $11) 4... d6 5. Bg2 Ne7 (5... f5 6. d4) (5... Nc6 6. d3) (5... Nf6 6.
Nf3 O-O 7. O-O Nc6 8. d3 Re8 (8... h6) 9. Bg5) 6. d3 {[%emt 0:01:27]} Nbc6 {
[%emt 0:01:10]} 7. f4 $1 {La meilleure chance pratique pour garder un trés
léger avantage d'ouverture} Ng6 8. Nf3 {[%emt 0:01:10]} exf4 {[%emt 0:00:50]}
9. Bxf4 Nce5 $146 (9... Bg4 10. O-O O-O 11. Rb1 Qc8 12. Rf2 Rb8 13. Qd2 b6 14.
Nd4 Nce7 15. e4 Qd7 16. Nc2 Bh3 17. Bh1 f5 18. exf5 Rxf5 19. Ne3 Rf7 20. Nd5
Rbf8 21. Re1 Nc6 22. Be3 Rxf2 23. Bxf2 Nce5 24. Nf4 {Werle,J (2581)
-Mchedlishvili,M (2635)/ Plovdiv 2008/CBM 124/0-1 (53)}) (9... Nxf4 10. gxf4
Qf6 {[%cal Gf6f4,Gf6c3]} 11. Qd2 O-O 12. O-O Re8 $11) 10. O-O {[%emt 0:01:16]}
Nxf3+ {[%emt 0:00:45]} 11. Bxf3 O-O 12. Qd2 {[%emt 0:01:08]} Rb8 {[%emt 0:00:
43]} (12... c6 $11 {Plus souple}) 13. Bg5 Qe8 14. Bg2 f6 15. Bf4 {[%emt 0:00:
48]} Bd7 {[%emt 0:00:22]} 16. Rae1 Qc8 (16... Bc6) 17. h4 Bg4 18. Rf2 {27} Qd7
{10} 19. Ref1 Rbe8 20. e3 {18} b6 {05} 21. Kh2 Re7 22. Bd5+ Kh8 23. Bf3 Rfe8 {
plus que 03 mns} 24. e4 Bxf3 25. Rxf3 Qg4 $1 26. Be3 Kg8 27. a4 Re5 $15 28. Bd4
{Les Blancs qui commençaient а être un peu moins bien, profitent du gros
zeitnot des Noirs pour proposer nulle au bon moment.} 1/2-1/2

[Event "EU-chT (Men) 10th"]
[Site "Debrecen"]
[Date "1992.11.??"]
[Round "1.3"]
[White "Marin, Mihail"]
[Black "Minasian, Artashes"]
[Result "1/2-1/2"]
[WhiteElo "2525"]
[BlackElo "2545"]
[Annotator "Marin,M"]
[PlyCount "122"]
[EventDate "1992.11.20"]
[EventType "team-swiss"]
[EventRounds "9"]
[EventCountry "HUN"]
[SourceTitle "EU-chT"]
[Source "ChessBase"]
[SourceDate "1999.07.01"]
[SourceVersion "2"]
[SourceVersionDate "1999.07.01"]
[SourceQuality "1"]
[WhiteTeam "Romania"]
[BlackTeam "Armenia"]
[WhiteTeamCountry "ROU"]
[BlackTeamCountry "ARM"]

1. d4 d6 2. c4 e5 3. Nf3 e4 4. Ng5 f5 5. Nc3 Nf6 6. f3 $5 Be7 $5 7. fxe4 h6 8.
Nh3 fxe4 9. Nf2 O-O $1 (9... Bf5 10. Qb3 Qc8 (10... Nc6 11. e3 {/\ Be2, Bd2,
0-0, Nh1-g3+/=}) 11. e3 $14) 10. e3 (10. Nfxe4 Nxe4 11. Nxe4 c6 $1 {/\ d5~/=
|^<->f, גa5-e1}) 10... c6 11. Bd2 (11. Qb3 {>=} Kh8 (11... Qc7 12. Bd2 Bf5 13.
Be2 Na6 14. O-O {/\ Nh1-g3+/-}) 12. Bd2 {/\ Nfe4, 0-0-0}) 11... d5 12. Be2 Na6
13. Qb3 Kh8 14. O-O Nc7 15. cxd5 (15. Nh1 $6 dxc4 16. Bxc4 b5 $1 $15) 15...
cxd5 16. Nb5 $6 (16. a4 a5 17. Nb5 $14) 16... Nxb5 17. Qxb5 a5 (17... Bd6 $5 {
/\} 18. Bb4 Bd7 19. Qa5 Qxa5 20. Bxa5 Rfc8 $10) 18. Nh1 $6 (18. a4 {/\ Nh1-g3+/
=}) 18... Bd7 19. Qb3 b5 $1 $132 {<<} 20. Be1 $5 {/\ Bg3-e5, Ng3-f5} (20. Bxb5
$4 a4 $19) 20... a4 21. Qd1 a3 22. b3 (22. b4 $5 {/\ Rc1-c5}) 22... Rc8 23. Rc1
Qb6 24. b4 $5 (24. Ng3) (24. Bg3) 24... Rxc1 25. Qxc1 Qa7 26. Qb1 Rc8 27. Bd2
Ne8 {><c4} 28. Ng3 Nd6 29. Nh5 $132 Qa8 (29... Nc4 $2 30. Bxc4 bxc4 (30... Rxc4
31. Nf4) 31. Nf4 $16) 30. Nf4 Kh7 31. Bh5 Nc4 32. Qd1 Rf8 33. Bg6+ Kg8 34. Bc1
Bg5 (34... Bxb4 35. Qh5 Nb6 (35... Bc6 36. Ne6 Rxf1+ 37. Kxf1 Qb7 38. Nd8 Qd7
39. Nxc6 Qxc6 40. Bf7+ $16) 36. g4 {/\ g5->}) 35. Qh5 Bxf4 (35... Qc6 36. h4
Bxf4 37. exf4 {/\ f5->}) 36. exf4 Be6 37. f5 Qa7 $1 $8 (37... Bf7 $2 38. Bxh6
$1) 38. Kh1 Qxd4 (38... Bf7 39. Bxh6 $1 gxh6 40. f6 $40) 39. Rd1 Qf6 (39... Qf2
40. Bxh6) 40. Bg5 $3 $13 Qxg5 41. Qxg5 hxg5 42. fxe6 Ne3 $8 (42... Rc8 43. e7
Nd6 44. Kg1 {/\ Rd5+/-}) 43. Rc1 Nf5 44. Rc5 (44. Kg1 Ne7 (44... Nd4 45. Bf7+
Rxf7 $8 46. exf7+ Kxf7 47. Rc5 $16) 45. Bf7+ Rxf7 46. exf7+ Kxf7 47. Rc5 $13)
44... Ne7 (44... e3 45. Kg1 $8 (45. Rxd5 e2 46. Re5 Ng3+ $19) 45... e2 46. Kf2
Ne7+ 47. Bf7+ $16) (44... Nd6 $5 45. Kg1 Rf6 46. Rxd5 Rxe6 47. Bh5 e3 48. Be2
$13) 45. Bf7+ Rxf7 46. exf7+ Kxf7 47. Rxb5 $13 {R 1/j} Ke6 48. Kg1 (48. Rc5 $2
d4 49. b5 Nd5 50. b6 d3 51. Rc1 d2 52. Rg1 Kd7) 48... d4 49. Kf2 (49. Kf1 $2 d3
50. Kf2 (50. Rb8 e3 51. b5 Nd5 {/\ d2, Nc3-+}) 50... Nd5) 49... Nd5 50. Rb8 Kd7
(50... e3+ 51. Ke2 $1 $8 (51. Kf3 $2 g4+ $1 52. Ke2 Nf4+ 53. Kd1 e2+ 54. Kd2 d3
55. b5 Nxg2 56. Re8+ Kd7 57. Re4 Kc7 $19) 51... Nf4+ (51... Nc3+ 52. Kd3 e2 53.
Re8+ Kd5 54. b5) 52. Kf3 g4+ (52... e2 53. Re8+ Kd5 (53... Kd7 54. Rxe2) 54. g3
$18) 53. Kxf4 Kd7 54. Rb7+ Kd8 55. Rb8+ Kd7 $10) 51. Ra8 e3+ 52. Kf1 d3 53.
Rxa3 Nxb4 54. Rb3 d2 55. Ke2 Nd5 56. a4 Kc6 57. a5 Kc5 58. a6 Kc4 59. Ra3 $4 (
59. Rd3 $3 {Vaganian} Nf4+ (59... Nc3+ 60. Kxe3 d1=Q 61. Rxd1 Nxd1+ 62. Kd2 $18
) 60. Kxe3 Nxd3 61. Kxd2 $18) 59... Nc3+ (59... Kb4 $4 60. a7 Kxa3 61. a8=Q+
$18) 60. Rxc3+ Kxc3 61. a7 Kc2 (61... Kc2 62. a8=Q d1=Q+ 63. Kxe3 Qg1+ 64. Ke2
Qxh2 65. Qc6+ Kb2 66. Qb5+ Kc2 67. Qxg5 Qh6 $10) 1/2-1/2

[Event "ROM-chT"]
[Site "Predeal"]
[Date "2007.10.21"]
[Round "9"]
[White "Marin, Mihail"]
[Black "Sanduleac, Vasile"]
[Result "1-0"]
[WhiteElo "2551"]
[BlackElo "2450"]
[Annotator "Marin,M"]
[PlyCount "85"]
[EventDate "2007.10.13"]
[EventType "team"]
[EventRounds "9"]
[EventCountry "ROU"]
[SourceTitle "CBM 121"]
[Source "ChessBase"]
[SourceDate "2007.11.14"]
[SourceVersion "1"]
[SourceVersionDate "2007.11.14"]
[SourceQuality "1"]
[BlackClock "0:29:00"]

1. c4 d6 2. Nc3 e5 3. g3 g6 4. Bg2 Bg7 5. e3 f5 6. Nge2 Nf6 7. O-O O-O 8. d3 c6
(8... a5 {was famously used by Kasparov to squeeze Mikhail Gurevich long time
ago. I had a recent experience with this position as Black:} 9. Rb1 c6 10. f4
Re8 11. h3 Be6 12. b3 Na6 13. Qd2 Bf7 14. Kh2 Qc7 15. Bb2 Rad8 {1/2-1/2
Lupulescu,C (2534)-Marin,M (2538)/Galati 2006. My young opponent did not like
his position too much, but I was unsure how to continue after} 16. Nd1 Nc5 17.
Nf2 {, when White's position looks slightly more flexible. He maintains strong
control over the e4-square, while having opened the diagonal for his queen's
bishop.}) 9. f4 Be6 10. b3 Nbd7 ({The other possible way to develop the knight
is} 10... Na6 11. Qd2 Qd7 12. Bb2 Rae8 (12... Rfe8 13. Rae1 Rad8 {might be a
more harmonious regroupment.}) 13. Rae1 Kh8 14. Nd1 {The same manoeuvre as
indicated above.} Bg8 15. Nf2 Nc5 (15... Nc7 16. e4 $1 $14) 16. fxe5 dxe5 17.
Ba3 $1 {We can see here the drawback of having the rooks on e8 and f8.} b6 18.
Nc3 Rf7 19. Bxc5 bxc5 20. Na4 Qd6 21. Qa5 Bf8 22. Qc3 Rc7 23. e4 $14 {
Matjushin,G (2431)-Obukhov,A (2450)/St Petersburg 2002/EXT 2003 (1/2-1/2, 39).
Black has weaknesses on both wings.}) 11. Ba3 Qc7 12. Rc1 Rfe8 13. Qd2 exf4 $5
$146 {Black releases the tension in the hope that he will get counterplay
along the e-file.} (13... Rad8 {1-0 Gurevich,M (2667)-Buchal,S (2347)/Germany
2004/EXT 2005/[Gurevich,M] (48)}) 14. gxf4 Bf7 15. Ng3 Ng4 16. Nd1 $1 {This
was part of my plan anyway.} (16. Rce1 $2 Qa5 17. Bb2 Rxe3 $1 $17) 16... Qb6
17. Re1 Nc5 (17... d5 18. c5 $14 {><d4, e5}) (17... Re6 $5) 18. h3 $6 {I
hesitated for a long time between the two possible move orders. I must confess
that I overlooked Black's 22nd move from the game variation.} (18. d4 $1 Nd7 (
18... Ne6 19. Bxd6 Nxe3 20. Nxe3 Bxd4 21. b4 $16) 19. h3 Nh6 (19... Ngf6 20.
Bxd6 $16) 20. Nc3 (20. Bxd6 Bxd4 $1 21. exd4 $2 Rxe1+ 22. Qxe1 Qxd4+ $17) 20...
Qc7 21. e4 $36 {[+]}) 18... Nf6 19. d4 Nce4 20. Nxe4 Nxe4 21. Bxe4 Rxe4 22.
Bxd6 Qd8 $1 ({I had calculated only} 22... Rd8 23. Nf2 $1 Re6 24. Nd3 {[%cal
Gd6e5] /\Be5+/-} Rdxd6 25. c5 Qd8 26. cxd6 Rxd6 27. Ne5 $16) 23. c5 {[%csl Rd5]
[%cal Gf7d5] ><d5} (23. Bb4 {[%csl Rb4] ץb4}) (23. Be5 $2 Bxe5 24. fxe5 Rxe5
$15) 23... Qh4 {Black has strong counterplay now, but I believe White's
chances should be preferred, because of his massive central pawn structure.}
24. Nf2 $6 (24. Kh2 $1 $14) 24... Qg3+ 25. Kf1 Ree8 (25... Bd5 $1 $36) 26. Rc3
Qh4 (26... Qh2 27. e4 {/\h4, Rh3} Bf6 28. Rce3 $36 {[+]}) 27. Kg2 $14 {[%cal
Gg2h2,Ge1g1,Gg1g3,Gc3c1,Gc1g1] /\Rg1, Kh2, Rg3, Rc1-g1} Rad8 28. Rg1 g5 {
This is the only chance to maintain the slight initiative, but both kings will
be in some danger now.} 29. Kh2 h6 30. Rg3 (30. e4 $5 fxe4 31. Rg4 Qh5 32. fxg5
$40) 30... Bd5 31. Rc1 g4 32. Qc2 $2 {Careless.} (32. Nxg4 fxg4 33. Rxg4 $36) (
32. Qd3 $5 $14) 32... h5 $2 {Kindly returning the favour.} ({Right after
moving I noticed the possibility of} 32... Qxg3+ $3 33. Kxg3 Rxe3+ {.
Fortunately, my opponent answered quickly and I had no time to convince myself
that I would have been in trouble after} 34. Kh2 (34. Kh4 $2 Bf6+ 35. Kh5 Kg7
$19 {/\Bf7}) 34... g3+ 35. Kg1 gxf2+ 36. Kf1 (36. Kxf2 Bxd4 $40) 36... Rxh3 $17
) 33. Rcg1 $14 {Returning to the "normal" course of the game.} Rxd6 $5 (33...
Re4 {Sanduleac} 34. Be5 $1 $16 (34. Nxe4 Bxe4 $44)) (33... Be4 34. Nxe4 Rxe4
35. Qc4+ Kh8 36. Qf7 Rxe3 37. Qxf5 $16) 34. cxd6 Qf6 {[%cal Gh5h4]} 35. e4 $1 (
35. hxg4 hxg4 36. e4 $2 Rxe4 $1) (35. d7 $5 Rd8 36. hxg4 hxg4 37. e4 $36) 35...
Rxe4 (35... h4 36. exd5 (36. e5 hxg3+ 37. Rxg3 $44) (36. Rxg4 fxg4 37. Rxg4 Be6
38. e5 $44) 36... hxg3+ 37. Rxg3 Qxd6 38. Qxf5 $16) (35... Bxe4 36. d7 $1 Rd8
37. Nxe4 fxe4 38. Qxe4 $18) 36. Nxe4 Bxe4 37. Qe2 Qxd6 (37... Bh6 38. Rf1 $1
$18) (37... h4 38. Rxg4 $18) 38. hxg4 h4 39. Rf3 $1 $18 Bxd4 40. Rd1 Qd5 41.
Re3 Qd6 42. Rxe4 fxe4 43. Qxe4 1-0